|
|
|
|
| LEADER |
00000cam a2200000 a 4500 |
| 001 |
vtls008378911 |
| 003 |
SK-MaSNL |
| 005 |
20260301123452.0 |
| 008 |
200115s1902 xo a 000 1 slo |
| 015 |
|
|
|a SNBHFA1902
|
| 035 |
|
|
|a SK01SNKBSKFE20010071128
|
| 035 |
|
|
|a urn:nbn:sk:snk-am3hnhr
|
| 035 |
|
|
|a B2E6FD3D-FF69-4422-B084-365941B86B3E
|
| 035 |
|
|
|a urn:nbn:sk:snk-am00cw6z
|
| 035 |
|
|
|a SKM000073591
|
| 040 |
|
|
|a SNK
|b slo
|c SNK
|e AACR2
|
| 041 |
1 |
|
|a slo
|h rus
|
| 044 |
|
|
|a xo
|c SK
|
| 072 |
|
7 |
|a 821.162.4
|x Slovenská literatúra
|2 konspekt
|
| 072 |
|
7 |
|a 821.161.1
|x Ruská literatúra
|2 konspekt
|
| 080 |
|
|
|a 821.162.4
|2 2011
|
| 080 |
|
|
|a 821.161.1
|2 2011
|
| 080 |
|
|
|a 821.162.4-3
|2 2011
|
| 130 |
0 |
|
|a Kmotor Ivan
|9 470464
|
| 245 |
1 |
0 |
|a Kmotor Ivan a iné články
|c Redaktor a vydavateľ Miloš Pietor
|
| 260 |
|
|
|a Turčiansky Sv. Martin
|b Tlačou kníhtlačiarsko-účastinárskeho spolku
|c 1902
|
| 300 |
|
|
|a 155, [5] s.
|b ilustr.
|c 8° (15x12 cm)
|
| 490 |
0 |
|
|a Zábavné a poučné knižky
|v Ročník III., Sväzok 1. (8.)
|
| 500 |
|
|
|a Ilustrácie v texte
|
| 504 |
|
|
|a Poznámky pod textom
|
| 505 |
1 |
|
|a Kmotor Ivan. (Ruská národná povesť.) / D. L. Modrovcev, preložil V. M. -- Boj pro Jelšave / Samo Chalupka -- O minulosti Slovákov / podľa Černého čítanky / -r. -- Zlaté zrnká -- Nitra, milá Nitra -- Strážnik (Sviatočná povesť) / G. P. Danilevský -- V zdravom tele zdravý duch / z "Moravanky" -- "Kšo, kšo!" alebo: "Kto má škodu, má aj posmech. (Skutočná udalosť.) / T. -- Slnce / Z Flammariona -- Starý človek a dvanásť oviec / Zo Slov. Povestí -- O Černohorcoch -- Domáce rady -- Venček slovenských pisní -- Hádky
|
| 546 |
|
|
|a Text v slovenčine
|
| 561 |
|
|
|a Proveniencia: Pečiatka: Evanjelický a. v. spolok v Radvani n/Hr. knižnica. -- Otlačená signatúra: 421. -- Rukopisná signatúra: E.3.
|5 SVKBB: svkbbO 3682
|
| 563 |
|
|
|a Väzba: lepenková, potiahnutá čiernym papierom, na rohoch a chrbte spevnená čiernym plátnom, na prednej doske v spodnej časti nalepený štítok s textom: M. Pietor Kmotor Ivan, tiež štítok so signatúrou 126.
|5 SVKBB: svkbbO 3682
|
| 650 |
0 |
7 |
|a slovenská literatúra
|2 SNKPH
|9 1115
|
| 650 |
0 |
7 |
|a ruská literatúra
|2 SNKPH
|9 1204
|
| 650 |
0 |
7 |
|a preklady do slovenčiny
|2 SNKPH
|9 59836
|
| 655 |
|
7 |
|a próza
|2 SNKPH
|9 289704
|
| 700 |
0 |
|
|a V.M.
|4 trl
|9 470465
|
| 700 |
0 |
|
|a -n.
|4 trl
|9 426845
|
| 700 |
1 |
|
|a Mordovcev, Daniil Lukič,
|d 1830-1905
|4 aut
|9 470466
|
| 700 |
1 |
|
|a Chalupka, Samo,
|d 1812-1883
|4 aut
|9 37007
|
| 700 |
1 |
|
|a Danilevský, Grigory,
|d 1829-1890
|4 aut
|9 470467
|
| 700 |
1 |
|
|a Pietor, Miloš,
|d 1876-1914
|4 pbl
|4 red
|9 117573
|
| 700 |
1 |
|
|a Flammarion, Camille,
|d 1842-1925
|4 aut
|9 470468
|
| 700 |
1 |
|
|a Černý, Emil,
|d 1840-1913
|4 aut
|9 37625
|
| 710 |
2 |
|
|a Kníhtlačiarsky účastinársky spolok (Martin, Slovensko)
|4 prt
|9 93127
|
| 710 |
2 |
|
|a Evanjelický a. v. spolok (Radvaň, Slovensko)
|b Knižnica
|4 fmo
|9 309630
|
| 752 |
|
|
|a Slovensko
|d Martin
|
| 852 |
|
|
|a SNK
|p SE 106/8
|
| 852 |
|
|
|a Štátna vedecká knižnica v Banskej Bystrici
|b Fond starých a vzácnych dokumentov
|p O 3682
|
| 958 |
|
|
|a ONDV
|
| 958 |
|
|
|a SKR
|
| 958 |
|
|
|a DG
|
| 999 |
|
|
|c 736342
|d 738272
|
| 952 |
|
|
|a SNK
|b SNK
|y PREZ
|7 0
|p 17A1299935
|o snkSE 106/8 D1
|i snkKSK 228/59
|8 3
|z r. 1902
|0 0
|1 0
|4 0
|d 2018-02-28
|l 0
|r 2026-02-23 22:45:04
|w 2026-02-23
|
| 952 |
|
|
|a SNK
|b SNK
|y PREZ
|7 0
|p 17A1299936
|o snkSE 106/8 D2
|i snk2931/32
|z r. 1902
|0 0
|1 0
|4 0
|d 2018-02-28
|l 0
|r 2026-02-23 22:45:04
|w 2026-02-23
|
| 952 |
|
|
|a SNK
|b SNK
|y PREZ
|7 0
|p 17A0731217
|o snkSE 106/8
|i snk1964/28
|0 0
|1 0
|4 0
|d 2017-06-09
|f 1
|l 0
|r 2026-02-23 22:45:04
|w 2026-02-23
|